[Event "Sherbrooke-op A"]
[Site "Sherbrooke CAN"]
[Date "2005.05.29"]
[Round "5"]
[White "Szalay, Karoly"]
[Black "Hebert, Jean"]
[Result "0-1"]
[WhiteElo "1708"]
[BlackElo "2404"]
[PlyCount "158"]
[GameId "2160767910968127"]
[EventDate "2005.05.27"]
[EventType "swiss"]
[EventRounds "5"]
[EventCountry "CAN"]
[SourceTitle "CBM 106 Extra"]
[Source "ChessBase"]
[SourceDate "2005.07.01"]
[SourceVersion "1"]
[SourceVersionDate "2005.07.01"]
[SourceQuality "1"]

1. e4 g6 2. d4 d6 3. Be3 c6 4. c4 Bg7 5. Nc3 Nf6 6. f3 O-O 7. Qd2 e5 8. Nge2 Nbd7 9. O-O-O Re8 10. g4 Qa5 11. Kb1 b5 12. cxb5 cxb5 13. Ng3 Rb8 14. h4 exd4 15. Bxd4 b4 16. Nce2 Ne5 17. Bxe5 dxe5 18. h5 Be6 19. Nc1 Red8 20. Bd3 Rbc8 21. b3 Qc5 22. hxg6 fxg6 23. Rh2 Rd7 24. Qb2 Qc3 25. Bc4 Rxc4 26. Rxd7 Qxc1+ 27. Qxc1 Rxc1+ 28. Kxc1 Nxd7 29. Rc2 Bh6+ 30. Kd1 Be3 31. Nf1 Bc5 32. Nd2 Kf7 33. Nc4 Kf6 34. Ke2 h5 35. gxh5 gxh5 36. Rc1 h4 37. Rh1 Bxc4+ 38. bxc4 Kg5 39. Kf1 Bd4 40. Kg2 Nc5 41. Rd1 a5 42. Rb1 Ne6 43. Rb3 Kf4 44. Rb1 Ke3 45. a3 Nf4+ 46. Kh2 Kxf3 47. axb4 axb4 48. Rxb4 Kxe4 49. Rb8 Ne6 50. Kg2 Kd3 51. Rh8 Nf4+ 52. Kf3 Ng6 53. Rh6 e4+ 54. Kg4 Ne5+ 55. Kxh4 e3 56. Kg3 e2 57. Rh1 Nxc4 58. Kf3 Nd2+ 59. Kg2 Ne4 60. Kf3 Bc3 61. Kg2 e1=Q 62. Rxe1 Bxe1 63. Kf3 Bd2 64. Kg4 Nd6 65. Kf3 Be3 66. Kg4 Ke4 67. Kh5 Kf4 68. Kg6 Bd4 69. Kh5 Nf7 70. Kg6 Ng5 71. Kh6 Kf5 72. Kh5 Bf2 73. Kh6 Ne6 74. Kh7 Kg5 75. Kg8 Kg6 76. Kh8 Kf7 77. Kh7 Be3 78. Kh8 Bd2 79. Kh7 Nf8+ 0-1

[Event "Montreal m"]
[Site "Montreal CAN"]
[Date "2005.05.16"]
[Round "1"]
[White "Hebert, Jean"]
[Black "Bolduc, Steve"]
[Result "1/2-1/2"]
[WhiteElo "2402"]
[BlackElo "2233"]
[PlyCount "49"]
[GameId "2160767910968332"]
[EventDate "2005.05.16"]
[EventType "match"]
[EventRounds "4"]
[EventCountry "CAN"]
[SourceTitle "CBM 106 Extra"]
[Source "ChessBase"]
[SourceDate "2005.07.01"]
[SourceVersion "1"]
[SourceVersionDate "2005.07.01"]
[SourceQuality "1"]

1. d4 Nf6 2. c4 e6 3. Nc3 Bb4 4. Nf3 b6 5. g3 O-O 6. Bg2 d5 7. cxd5 exd5 8. Bg5 h6 9. Bxf6 Qxf6 10. Ne5 c6 11. Qa4 Bxc3+ 12. bxc3 Ba6 13. Bf3 Qd6 14. O-O Bb5 15. Qc2 Nd7 16. a4 Ba6 17. Nxd7 Qxd7 18. Rfb1 Bc4 19. e4 dxe4 20. Bxe4 Rae8 21. Re1 Re7 22. Re3 Rfe8 23. Rae1 Qd6 24. Qb2 Bd5 25. Bxd5 1/2-1/2

[Event "Montreal m"]
[Site "Montreal CAN"]
[Date "2005.05.17"]
[Round "2"]
[White "Bolduc, Steve"]
[Black "Hebert, Jean"]
[Result "1/2-1/2"]
[WhiteElo "2233"]
[BlackElo "2402"]
[PlyCount "71"]
[GameId "2160767910968333"]
[EventDate "2005.05.16"]
[EventType "match"]
[EventRounds "4"]
[EventCountry "CAN"]
[SourceTitle "CBM 106 Extra"]
[Source "ChessBase"]
[SourceDate "2005.07.01"]
[SourceVersion "1"]
[SourceVersionDate "2005.07.01"]
[SourceQuality "1"]

1. d4 d6 2. c4 e5 3. Nf3 e4 4. Nfd2 f5 5. e3 Nf6 6. Nc3 c6 7. d5 g6 8. Be2 Bg7 9. f3 exf3 10. Bxf3 c5 11. e4 O-O 12. O-O f4 13. e5 dxe5 14. Nde4 Nxe4 15. Nxe4 Bf5 16. b3 Bxe4 17. Bxe4 Qd6 18. Bb2 Nd7 19. Qf3 a6 20. Rae1 Rf7 21. Qh3 Re8 22. Re2 b5 23. Bc2 Nb6 24. Re4 Rfe7 25. Rfe1 Nc8 26. Bd1 h5 27. g4 Qd7 28. Qg2 h4 29. g5 h3 30. Qg4 Qb7 31. Ba3 b4 32. Bb2 Nd6 33. Qxh3 Nxe4 34. Rxe4 Qc7 35. Bg4 Qd6 36. Bc1 1/2-1/2

[Event "Montreal m"]
[Site "Montreal CAN"]
[Date "2005.05.31"]
[Round "3"]
[White "Hebert, Jean"]
[Black "Bolduc, Steve"]
[Result "1-0"]
[WhiteElo "2402"]
[BlackElo "2233"]
[PlyCount "45"]
[GameId "2160767910968334"]
[EventDate "2005.05.16"]
[EventType "match"]
[EventRounds "4"]
[EventCountry "CAN"]
[SourceTitle "EXT 2009"]
[Source "ChessBase"]
[SourceDate "2008.11.26"]
[SourceVersion "1"]
[SourceVersionDate "2008.11.26"]
[SourceQuality "1"]

1. d4 Nf6 2. Nf3 e6 3. c4 Bb4+ 4. Nbd2 O-O 5. a3 Be7 6. e4 d5 7. e5 Ne4 8. Qc2 f5 9. exf6 Nxf6 10. Bd3 c5 11. dxc5 Bxc5 12. O-O Bd6 13. b4 a5 14. b5 Nbd7 15. Bb2 Nc5 16. Rad1 Bd7 17. cxd5 exd5 18. Be5 Qb6 19. Nc4 Nxd3 20. Nxb6 Nxe5 21. Nxe5 Bxb5 22. Rfe1 Rad8 23. Nxd5 1-0

[Event "Montreal m"]
[Site "Montreal CAN"]
[Date "2005.06.05"]
[Round "4"]
[White "Bolduc, Steve"]
[Black "Hebert, Jean"]
[Result "0-1"]
[WhiteElo "2233"]
[BlackElo "2402"]
[PlyCount "146"]
[GameId "2160767910968335"]
[EventDate "2005.05.16"]
[EventType "match"]
[EventRounds "4"]
[EventCountry "CAN"]
[SourceTitle "EXT 2009"]
[Source "ChessBase"]
[SourceDate "2008.11.26"]
[SourceVersion "1"]
[SourceVersionDate "2008.11.26"]
[SourceQuality "1"]

1. d4 Nf6 2. c4 e6 3. Nc3 Bb4 4. e3 O-O 5. Bd3 d5 6. Nge2 Re8 7. a3 Bf8 8. O-O c5 9. dxc5 Bxc5 10. b4 Bd6 11. Nf4 a5 12. bxa5 Be5 13. Bb2 Qxa5 14. Qc2 dxc4 15. Bxc4 Bd7 16. Rfc1 Bc6 17. Qe2 Nbd7 18. Nb5 Rad8 19. Nd4 Bxd4 20. Bxd4 Qg5 21. f3 e5 22. Nh3 Qh6 23. Bc3 Rc8 24. e4 Qg6 25. Bd2 h6 26. Be3 Nf8 27. Nf2 Ne6 28. Bxe6 Rxe6 29. Nd3 Rd8 30. Nc5 Ree8 31. Rab1 Ra8 32. Rc3 Nd5 33. Rcb3 Nxe3 34. Qxe3 Qd6 35. Rd3 Qe7 36. Rbb3 Ra5 37. Rdc3 Rd8 38. Nd3 Rb5 39. h3 Rxb3 40. Rxb3 Rd4 41. Kh2 Qd6 42. Nb4 Kh7 43. Rc3 Bd7 44. Nc2 Rd2 45. Nb4 Be6 46. Qc5 Qd7 47. Rc2 Rxc2 48. Nxc2 Qd2 49. Nb4 Qf4+ 50. Kg1 Qg5 51. Kh1 Qg3 52. Qc3 Qg5 53. Nd3 Qe3 54. Qc2 Qd4 55. Nb4 Qa1+ 56. Kh2 Qxa3 57. Qc5 h5 58. Qb6 Qb2 59. Qxb7 Bc4 60. Qe7 Bf1 61. Qg5 Qxb4 62. Qxh5+ Kg8 63. Qxe5 Qd2 64. Qb8+ Kh7 65. Qg3 f6 66. Qg4 Qg5 67. Qxg5 fxg5 68. Kg3 Kg6 69. Kf2 Ba6 70. Kg3 Kh5 71. f4 gxf4+ 72. Kxf4 Bf1 73. g4+ Kh4 0-1

[Event "Montreal Masters 4th"]
[Site "Montreal CAN"]
[Date "2005.05.02"]
[Round "4"]
[White "Roussel-Roozmon, Thomas"]
[Black "Hebert, Jean"]
[Result "1/2-1/2"]
[WhiteElo "2425"]
[BlackElo "2410"]
[PlyCount "78"]
[GameId "2160767910968584"]
[EventDate "2005.05.02"]
[EventType "swiss (rapid)"]
[EventRounds "4"]
[EventCountry "CAN"]
[SourceTitle "CBM 106 Extra"]
[Source "ChessBase"]
[SourceDate "2005.07.01"]
[SourceVersion "1"]
[SourceVersionDate "2005.07.01"]
[SourceQuality "1"]

1. e4 g6 2. d4 d6 3. Nf3 Bg7 4. Bc4 Nf6 5. Qe2 Nc6 6. c3 O-O 7. Bg5 h6 8. Bh4 e5 9. dxe5 Nxe5 10. Nxe5 dxe5 11. Nd2 Qe8 12. f3 Nh5 13. Bf2 Nf4 14. Qf1 Qe7 15. g3 Ne6 16. Qe2 c6 17. a4 Kh7 18. O-O h5 19. h4 Bh6 20. Kg2 Rd8 21. Rad1 b6 22. Be3 Bxe3 23. Qxe3 Kg7 24. b4 Rb8 25. Nb3 Rb7 26. Be2 Rbd7 27. a5 Rxd1 28. Rxd1 Rxd1 29. Bxd1 Qd7 30. Be2 Nf4+ 31. gxf4 Qh3+ 32. Kg1 Qg3+ 33. Kh1 Qxh4+ 34. Kg1 Qg3+ 35. Kh1 exf4 36. Qd4+ Kh7 37. Nd2 Bh3 38. Bf1 Bxf1 39. Nxf1 Qxf3+ 1/2-1/2

[Event "Mauricie op"]
[Site "Trois-Rivieres CAN"]
[Date "2005.03.18"]
[Round "1"]
[White "Cloutier, Mario"]
[Black "Hebert, Jean"]
[Result "0-1"]
[WhiteElo "2033"]
[BlackElo "2388"]
[PlyCount "82"]
[GameId "2160767910965403"]
[EventDate "2005.03.18"]
[EventType "swiss"]
[EventRounds "5"]
[EventCountry "CAN"]
[SourceTitle "EXT 2006"]
[Source "ChessBase"]
[SourceDate "2005.11.24"]
[SourceVersion "1"]
[SourceVersionDate "2005.11.24"]
[SourceQuality "1"]

1. e4 g6 2. d4 d6 3. g3 Bg7 4. Bg2 Nd7 5. Ne2 c5 6. O-O cxd4 7. Nxd4 a6 8. a4 Ngf6 9. Nc3 O-O 10. h3 e6 11. Nde2 Qc7 12. Be3 Ne5 13. b3 Re8 14. Qd2 Bf8 15. f4 Nc6 16. g4 Nb4 17. f5 Nd7 18. Rf2 Ne5 19. Raf1 b6 20. Bh6 Qe7 21. Bxf8 Qxf8 22. fxg6 hxg6 23. g5 Ra7 24. Ng3 Qe7 25. Rd1 Rc7 26. Nb5 axb5 27. Qxb4 Qxg5 28. Nf1 bxa4 29. bxa4 Nc4 30. Kh1 Qc5 31. Qe1 Bb7 32. Nh2 Ne3 33. Rdd2 f5 34. exf5 Nxg2 35. Rxg2 Rh7 36. Qg3 Qxf5 37. Ng4 Kh8 38. Rdf2 Bxg2+ 39. Kxg2 Qg5 40. Nf6 Qxg3+ 41. Kxg3 Rf8 0-1

[Event "Mauricie op"]
[Site "Trois-Rivieres CAN"]
[Date "2005.03.19"]
[Round "2"]
[White "Hebert, Jean"]
[Black "Poirier, Erik"]
[Result "1-0"]
[WhiteElo "2388"]
[BlackElo "2107"]
[PlyCount "79"]
[GameId "2160767910965415"]
[EventDate "2005.03.18"]
[EventType "swiss"]
[EventRounds "5"]
[EventCountry "CAN"]
[SourceTitle "EXT 2006"]
[Source "ChessBase"]
[SourceDate "2005.11.24"]
[SourceVersion "1"]
[SourceVersionDate "2005.11.24"]
[SourceQuality "1"]

1. d4 Nf6 2. c4 e6 3. Nc3 Bb4 4. Nf3 b6 5. e3 Bb7 6. Bd3 O-O 7. Qc2 d5 8. cxd5 exd5 9. O-O c5 10. a3 Bxc3 11. bxc3 c4 12. Be2 Nc6 13. a4 Re8 14. Nd2 Bc8 15. Bf3 g6 16. e4 dxe4 17. Nxe4 Nxe4 18. Bxe4 Bb7 19. Bf3 Na5 20. Bxb7 Nxb7 21. Bf4 Na5 22. Rae1 Qd7 23. Re3 Re6 24. Rfe1 Rae8 25. h3 Nb3 26. Rxe6 Rxe6 27. Rxe6 Qxe6 28. Qd1 Qd7 29. Qf3 f6 30. Bb8 Kg7 31. Qe2 Na5 32. g4 Kf7 33. Qe3 Nc6 34. Bg3 Ne7 35. Qf3 Qd5 36. Qf4 Qe6 37. Qc7 Qe1+ 38. Kh2 Qxc3 39. d5 Qe1 40. d6 1-0

[Event "Mauricie op"]
[Site "Trois-Rivieres CAN"]
[Date "2005.03.20"]
[Round "4"]
[White "Hebert, Jean"]
[Black "Lawson, Eric"]
[Result "1/2-1/2"]
[WhiteElo "2388"]
[BlackElo "2401"]
[PlyCount "91"]
[GameId "2160767910965433"]
[EventDate "2005.03.18"]
[EventType "swiss"]
[EventRounds "5"]
[EventCountry "CAN"]
[SourceTitle "EXT 2006"]
[Source "ChessBase"]
[SourceDate "2005.11.24"]
[SourceVersion "1"]
[SourceVersionDate "2005.11.24"]
[SourceQuality "1"]

1. Nf3 Nf6 2. d4 c5 3. c4 e6 4. Nc3 cxd4 5. Nxd4 d6 6. g3 a6 7. Bg2 Qc7 8. Qd3 Nbd7 9. b3 Be7 10. O-O O-O 11. Bb2 Ne5 12. Qd2 Bd7 13. Rac1 Qb6 14. Rfd1 Rad8 15. e3 Rfe8 16. h3 Bf8 17. Qe2 Qc7 18. g4 h6 19. f4 Ng6 20. Rf1 Nh4 21. g5 Nxg2 22. Qxg2 Nh7 23. g6 fxg6 24. Qxg6 Bc8 25. f5 e5 26. f6 Qf7 27. Qxf7+ Kxf7 28. fxg7+ Kxg7 29. Nf5+ Kg6 30. e4 Ng5 31. h4 Nh3+ 32. Kh2 Nf4 33. Rg1+ Kf7 34. Ne3 Be7 35. Rcf1 Bxh4 36. Ned5 Bg5 37. Bc1 Kg6 38. Nxf4+ exf4 39. Bxf4 b5 40. cxb5 axb5 41. b4 Bb7 42. Bxg5 hxg5 43. Rf5 Rh8+ 44. Kg3 Bc8 45. Rf3 g4 46. Kf2 1/2-1/2

[Event "Mauricie op"]
[Site "Trois-Rivieres CAN"]
[Date "2005.03.20"]
[Round "5"]
[White "Bolduc, Steve"]
[Black "Hebert, Jean"]
[Result "0-1"]
[WhiteElo "2262"]
[BlackElo "2388"]
[PlyCount "94"]
[GameId "2160767910965440"]
[EventDate "2005.03.18"]
[EventType "swiss"]
[EventRounds "5"]
[EventCountry "CAN"]
[SourceTitle "EXT 2006"]
[Source "ChessBase"]
[SourceDate "2005.11.24"]
[SourceVersion "1"]
[SourceVersionDate "2005.11.24"]
[SourceQuality "1"]

1. d4 Nf6 2. c4 g6 3. Nc3 Bg7 4. e4 d6 5. Nf3 O-O 6. Be2 Na6 7. Bg5 Qe8 8. O-O e5 9. d5 h6 10. Bh4 Nc5 11. Nd2 a5 12. b3 Bd7 13. Re1 Nh7 14. a3 h5 15. f3 Bh6 16. Rb1 f5 17. Bf2 Qe7 18. Qc2 b6 19. b4 Nb7 20. Bd3 h4 21. h3 Qg5 22. Nf1 Nf6 23. Kh1 Nh5 24. Be3 Nf4 25. Nb5 Qd8 26. Red1 Bg5 27. Nc3 Nh5 28. Bf2 Bf4 29. Nb5 Bg3 30. Be3 Nf4 31. Nxg3 Nxd3 32. Nxf5 gxf5 33. Rxd3 Rf7 34. Nc3 Rg7 35. exf5 Bxf5 36. Ne4 axb4 37. axb4 Bxe4 38. fxe4 Qf6 39. Bg1 Qg6 40. Rf3 Nd8 41. Rbf1 Rf7 42. Qf2 Rxf3 43. Qxf3 Nf7 44. Bf2 Ng5 45. Qg4 Rf8 46. Qxh4 Nxe4 47. Kg1 Nd2 0-1

[Event "Montreal Masters 2nd"]
[Site "Montreal CAN"]
[Date "2005.03.07"]
[Round "4"]
[White "Bolduc, Steve"]
[Black "Hebert, Jean"]
[Result "0-1"]
[WhiteElo "2192"]
[BlackElo "2410"]
[PlyCount "94"]
[GameId "2160767910965501"]
[EventDate "2005.03.07"]
[EventType "swiss (rapid)"]
[EventRounds "4"]
[EventCountry "CAN"]
[SourceTitle "EXT 2006"]
[Source "ChessBase"]
[SourceDate "2005.11.24"]
[SourceVersion "1"]
[SourceVersionDate "2005.11.24"]
[SourceQuality "1"]

1. d4 Nf6 2. c4 g6 3. Nc3 Bg7 4. e4 O-O 5. Nge2 d6 6. Ng3 c5 7. d5 e6 8. Be2 exd5 9. exd5 Nbd7 10. O-O Ne8 11. Be3 f5 12. f4 a6 13. a4 Nc7 14. Qd2 Rb8 15. Kh1 Nf6 16. h3 Bd7 17. Rfb1 b5 18. axb5 axb5 19. Ra7 b4 20. Nd1 Ra8 21. Rxa8 Qxa8 22. Nf2 Qa2 23. Qc1 Ra8 24. Bf3 b3 25. Nf1 Na6 26. Ra1 Nb4 27. Rb1 Nc2 28. Bd2 Re8 29. Bd1 Qa4 30. Ne3 Rxe3 31. Bxc2 bxc2 32. Ra1 Qxc4 33. Bxe3 Nxd5 34. Bd2 Bd4 35. Ra8+ Kf7 36. Ra7 Nf6 37. Bc3 Bxf2 38. Bxf6 Kxf6 39. Rxd7 Qd3 40. Rxd6+ Qxd6 41. Qxc2 Qxf4 42. Qc3+ Bd4 43. Qc4 Qe4 44. Qa6+ Kg5 45. Qa5 Qb1+ 46. Kh2 Bg1+ 47. Kg3 Qd3# 0-1

[Event "Carnaval"]
[Site "Quebec CAN"]
[Date "2005.02.19"]
[Round "1"]
[White "Hebert, Jean"]
[Black "Valley, Michel"]
[Result "1-0"]
[WhiteElo "2381"]
[BlackElo "1993"]
[PlyCount "53"]
[GameId "2160767910965631"]
[EventDate "2005.02.18"]
[EventType "swiss"]
[EventRounds "5"]
[EventCountry "CAN"]
[SourceTitle "EXT 2006"]
[Source "ChessBase"]
[SourceDate "2005.11.24"]
[SourceVersion "1"]
[SourceVersionDate "2005.11.24"]
[SourceQuality "1"]

1. Nf3 Nf6 2. c4 g6 3. Nc3 Bg7 4. e4 d6 5. d4 O-O 6. Be2 e5 7. Be3 Nc6 8. d5 Ne7 9. h3 Nd7 10. g4 a5 11. g5 Nc5 12. Qc2 c6 13. Nd2 cxd5 14. cxd5 Bd7 15. Nc4 Qc7 16. a4 Rfe8 17. f4 Rad8 18. fxe5 Bxe5 19. Nxe5 dxe5 20. Rd1 Qd6 21. Bb5 Na6 22. O-O Bxb5 23. axb5 Nb4 24. Qf2 Rf8 25. Bc5 Qd7 26. d6 Nc8 27. Qh4 1-0

[Event "Carnaval"]
[Site "Quebec CAN"]
[Date "2005.02.19"]
[Round "2"]
[White "Caire, Francois"]
[Black "Hebert, Jean"]
[Result "1/2-1/2"]
[WhiteElo "2201"]
[BlackElo "2381"]
[PlyCount "87"]
[GameId "2160767910965637"]
[EventDate "2005.02.18"]
[EventType "swiss"]
[EventRounds "5"]
[EventCountry "CAN"]
[SourceTitle "EXT 2006"]
[Source "ChessBase"]
[SourceDate "2005.11.24"]
[SourceVersion "1"]
[SourceVersionDate "2005.11.24"]
[SourceQuality "1"]

1. d4 g6 2. e4 d6 3. Nc3 c6 4. Nf3 Bg7 5. Be3 b5 6. Bd3 Nd7 7. O-O a6 8. Qd2 Bb7 9. a4 b4 10. Ne2 c5 11. Ng3 Qc7 12. Rfc1 Ngf6 13. c3 bxc3 14. bxc3 Ng4 15. Bf4 e5 16. dxe5 dxe5 17. Bg5 c4 18. Bc2 h6 19. h3 Ngf6 20. Bxf6 Bxf6 21. a5 Bc6 22. Nf1 Nc5 23. Qe2 Bb5 24. Ne3 O-O-O 25. Nd5 Rxd5 26. exd5 Qd6 27. Rd1 Re8 28. Nd2 e4 29. Qg4+ Qd7 30. Qg3 Nd3 31. Bxd3 exd3 32. Nxc4 Bxc4 33. Qf4 Qxd5 34. Qxf6 Re2 35. Rab1 d2 36. Qf4 Bb3 37. Qg4+ Qe6 38. Qxe6+ fxe6 39. Rxd2 Rxd2 40. Rxb3 Kc7 41. Kf1 Rd5 42. Rb6 Rd6 43. Rb4 Rd5 44. Rb6 1/2-1/2

[Event "Carnaval"]
[Site "Quebec CAN"]
[Date "2005.02.19"]
[Round "3"]
[White "Hebert, Jean"]
[Black "Beaudoin, Stephane"]
[Result "1-0"]
[WhiteElo "2381"]
[BlackElo "2070"]
[PlyCount "89"]
[GameId "2160767910965652"]
[EventDate "2005.02.18"]
[EventType "swiss"]
[EventRounds "5"]
[EventCountry "CAN"]
[SourceTitle "EXT 2006"]
[Source "ChessBase"]
[SourceDate "2005.11.24"]
[SourceVersion "1"]
[SourceVersionDate "2005.11.24"]
[SourceQuality "1"]

1. Nf3 Nf6 2. c4 g6 3. Nc3 Bg7 4. e4 d6 5. d4 O-O 6. Be2 c6 7. O-O Qc7 8. Ne1 e5 9. d5 Nbd7 10. Nd3 Nb6 11. Nb4 c5 12. Nc2 Nh5 13. g3 Bh3 14. Re1 Qd7 15. Ne3 Nf6 16. a4 Ne8 17. a5 Nc8 18. Ng2 Ne7 19. Qa4 Qc8 20. f3 f5 21. Bg5 Nf6 22. b4 h6 23. Be3 fxe4 24. fxe4 Bd7 25. Qa3 b6 26. bxc5 bxc5 27. Rab1 Qc7 28. Bd2 Rab8 29. Qa2 Kh7 30. Nh4 g5 31. Ng2 Rxb1 32. Rxb1 Rb8 33. Nb5 Bxb5 34. cxb5 Kg8 35. Qc4 Nd7 36. Bg4 Nf6 37. Be6+ Kh8 38. Ne3 Qd8 39. Qc2 Ne8 40. Bg4 Nc7 41. Be2 Ne8 42. Nc4 Nf6 43. b6 axb6 44. Rxb6 Rxb6 45. axb6 1-0

[Event "Carnaval"]
[Site "Quebec CAN"]
[Date "2005.02.20"]
[Round "5"]
[White "Hebert, Jean"]
[Black "Roussel-Roozmon, Thomas"]
[Result "1-0"]
[WhiteElo "2381"]
[BlackElo "2444"]
[PlyCount "204"]
[GameId "2160767910965679"]
[EventDate "2005.02.18"]
[EventType "swiss"]
[EventRounds "5"]
[EventCountry "CAN"]
[SourceTitle "EXT 2006"]
[Source "ChessBase"]
[SourceDate "2005.11.24"]
[SourceVersion "1"]
[SourceVersionDate "2005.11.24"]
[SourceQuality "1"]

1. Nf3 c5 2. e4 e6 3. c3 Nf6 4. e5 Nd5 5. d4 cxd4 6. cxd4 d6 7. a3 Bd7 8. Bd3 Bc6 9. O-O Nd7 10. Re1 dxe5 11. dxe5 g6 12. Nd4 Bg7 13. Nxc6 bxc6 14. f4 O-O 15. Nc3 Qb6+ 16. Kh1 Nxc3 17. bxc3 Rfd8 18. Qf3 Qc7 19. Bc2 Rab8 20. Rb1 Rb6 21. Be3 Ra6 22. a4 Bf8 23. Red1 Ra5 24. Bf2 Be7 25. h4 Nb6 26. Rxd8+ Bxd8 27. Qe4 Nd5 28. Be1 Ra6 29. c4 Ne7 30. Rd1 Nf5 31. g4 Nh6 32. Qe2 c5 33. f5 exf5 34. Qd2 Qb7+ 35. Kg1 Nxg4 36. Qxd8+ Kg7 37. Qd5 Qb2 38. Qd3 Ne3 39. Qxe3 Qxc2 40. Rc1 Qxa4 41. Qxc5 Rc6 42. Qd4 Re6 43. Bd2 Qb3 44. Kg2 Qb7+ 45. Kf2 h6 46. c5 Kh7 47. Re1 Qb5 48. Qe3 h5 49. Qd4 Qb3 50. Kg2 Qb7+ 51. Kg3 Qb3+ 52. Kg2 Qb7+ 53. Kh2 Qf3 54. Qe3 Qd5 55. Kg3 Ra6 56. Rb1 f4+ 57. Kxf4 Qc4+ 58. Qe4 Qxc5 59. Be3 Qc8 60. Kg3 Ra3 61. Rf1 Qe6 62. Rf3 Qd7 63. Qf4 Kg8 64. Qd4 Qe8 65. Bg5 Rxf3+ 66. Kxf3 Qc6+ 67. Ke3 Qc1+ 68. Kd3 Qd1+ 69. Kc4 Qa4+ 70. Kc5 Qa5+ 71. Kd6 Qa6+ 72. Kc7 Qa5+ 73. Kd7 Qb5+ 74. Ke7 Qb7+ 75. Qd7 Qb4+ 76. Kf6 Qb6+ 77. Qd6 Qb3 78. Qc6 Qb8 79. e6 Qd8+ 80. Ke5 Qb8+ 81. Ke4 Qb4+ 82. Kd5 Qb3+ 83. Ke5 Qb8+ 84. Qd6 Qb2+ 85. Ke4 Qc2+ 86. Kd4 Qb2+ 87. Kc5 Qc3+ 88. Kd5 Qb3+ 89. Ke5 Qb2+ 90. Qd4 Qxd4+ 91. Kxd4 fxe6 92. Bd8 Kf7 93. Ke5 Ke8 94. Ba5 Ke7 95. Bb4+ Kf7 96. Kf4 e5+ 97. Kg5 e4 98. Bd2 Kg7 99. Kf4 Kf6 100. Kxe4 Ke6 101. Kf4 Kf6 102. Bc3+ Ke6 1-0

[Event "Montreal WCT"]
[Site "Montreal CAN"]
[Date "2005.01.15"]
[Round "1"]
[White "Hebert, Jean"]
[Black "Perelshteyn, Eugene"]
[Result "1/2-1/2"]
[WhiteElo "2410"]
[BlackElo "2505"]
[PlyCount "109"]
[GameId "2160767911031538"]
[EventDate "2005.01.15"]
[EventType "tourn"]
[EventRounds "9"]
[EventCountry "CAN"]
[EventCategory "10"]
[SourceTitle "CBM 105"]
[Source "ChessBase"]
[SourceDate "2005.04.11"]
[SourceVersion "1"]
[SourceVersionDate "2005.04.11"]
[SourceQuality "1"]

1. Nf3 c5 2. c4 Nc6 3. Nc3 e5 4. e3 f5 5. d4 e4 6. d5 exf3 7. dxc6 fxg2 8. cxd7+ Qxd7 9. Qxd7+ Bxd7 10. Bxg2 O-O-O 11. b3 g6 12. Bb2 Bg7 13. O-O-O Ne7 14. Nd5 Bxb2+ 15. Kxb2 Nxd5 16. Rxd5 b6 17. Rhd1 Kc7 18. a3 Be6 19. Rxd8 Rxd8 20. Rxd8 Kxd8 21. f4 Ke7 22. Kc3 Kf6 23. h4 Bc8 24. Bf3 Bd7 25. Bd5 Be8 26. Kd3 Bd7 27. Ke2 Be8 28. Ke1 h6 29. Kd2 g5 30. hxg5+ hxg5 31. fxg5+ Kxg5 32. Bb7 Kf6 33. Bf3 Ke5 34. Kc3 Bf7 35. Bg2 Bh5 36. Kd2 Be8 37. Bf3 Kd6 38. Be2 Bc6 39. Bh5 Be4 40. Be2 Ke5 41. Bd1 Bb1 42. Bf3 a5 43. Kc3 Be4 44. Bd1 Bg2 45. Be2 Bh3 46. Bd3 Bg4 47. Bc2 Be2 48. Kd2 Bf1 49. a4 Bg2 50. Bd3 Be4 51. Bxe4 Kxe4 52. Ke2 f4 53. exf4 Kxf4 54. Kf2 Ke4 55. Ke2 1/2-1/2

[Event "Montreal WCT"]
[Site "Montreal CAN"]
[Date "2005.01.16"]
[Round "2"]
[White "Lawson, Eric"]
[Black "Hebert, Jean"]
[Result "1-0"]
[WhiteElo "2373"]
[BlackElo "2410"]
[PlyCount "109"]
[GameId "2160767911031541"]
[EventDate "2005.01.15"]
[EventType "tourn"]
[EventRounds "9"]
[EventCountry "CAN"]
[EventCategory "10"]
[SourceTitle "CBM 105"]
[Source "ChessBase"]
[SourceDate "2005.04.11"]
[SourceVersion "1"]
[SourceVersionDate "2005.04.11"]
[SourceQuality "1"]

1. e4 e6 2. d4 d5 3. Nd2 Nf6 4. e5 Nfd7 5. c3 c5 6. Bd3 Nc6 7. Ne2 cxd4 8. cxd4 f6 9. exf6 Nxf6 10. Nf3 Bd6 11. O-O O-O 12. Bf4 Bxf4 13. Nxf4 Ne4 14. Ne2 Ng5 15. Nxg5 Qxg5 16. f4 Qf6 17. Bb5 Bd7 18. Rc1 Rac8 19. Qd2 Qd8 20. Bxc6 Rxc6 21. Nc3 Qa5 22. Rfe1 Qd8 23. Re5 g6 24. Rce1 Rc4 25. g3 Qb6 26. Rd1 Rf5 27. g4 Rf7 28. f5 gxf5 29. gxf5 Rg7+ 30. Kf2 Qd8 31. Qf4 exf5 32. Rxd5 Qf8 33. Rg1 Rxg1 34. Kxg1 Qg7+ 35. Kf2 Rc8 36. Qg3 Be6 37. Re5 Qxg3+ 38. Kxg3 Kf7 39. Ra5 a6 40. Kf4 Rg8 41. Ke5 Rg2 42. Rc5 Ke7 43. Rc7+ Bd7 44. Nd5+ Kd8 45. Rxb7 Rxh2 46. Nf6 Bc8 47. Rxh7 Re2+ 48. Kd5 f4 49. Rh8+ Kc7 50. Ne8+ Kb6 51. Rh6+ Ka7 52. Nd6 Bg4 53. Rh7+ Ka8 54. b4 f3 55. Kc6 1-0

[Event "Montreal WCT"]
[Site "Montreal CAN"]
[Date "2005.01.17"]
[Round "4"]
[White "Roussel-Roozmon, Thomas"]
[Black "Hebert, Jean"]
[Result "1/2-1/2"]
[WhiteElo "2425"]
[BlackElo "2410"]
[PlyCount "62"]
[GameId "2160767911031554"]
[EventDate "2005.01.15"]
[EventType "tourn"]
[EventRounds "9"]
[EventCountry "CAN"]
[EventCategory "10"]
[SourceTitle "CBM 105"]
[Source "ChessBase"]
[SourceDate "2005.04.11"]
[SourceVersion "1"]
[SourceVersionDate "2005.04.11"]
[SourceQuality "1"]

1. d4 g6 2. c4 Bg7 3. e4 d6 4. Nc3 e5 5. Nf3 Nc6 6. d5 Nce7 7. Be2 h6 8. O-O f5 9. exf5 Nxf5 10. c5 Nf6 11. Bb5+ Bd7 12. Bxd7+ Qxd7 13. Qb3 b6 14. cxd6 cxd6 15. Be3 O-O 16. a4 g5 17. a5 Rab8 18. axb6 Nxe3 19. fxe3 Rxb6 20. Qa3 Rfb8 21. Nd1 R8b7 22. Nd2 Rb4 23. Qd3 e4 24. Qc2 Qc7 25. Qxc7 Rxc7 26. Ra5 Rc2 27. Nb1 Rb7 28. Nbc3 Rd2 29. h3 Re7 30. Ra6 Ne8 31. Ra4 Nf6 1/2-1/2

[Event "Montreal WCT"]
[Site "Montreal CAN"]
[Date "2005.01.18"]
[Round "5"]
[White "Hebert, Jean"]
[Black "Fedorowicz, John"]
[Result "0-1"]
[WhiteElo "2410"]
[BlackElo "2507"]
[PlyCount "84"]
[GameId "2160767911031556"]
[EventDate "2005.01.15"]
[EventType "tourn"]
[EventRounds "9"]
[EventCountry "CAN"]
[EventCategory "10"]
[SourceTitle "CBM 105"]
[Source "ChessBase"]
[SourceDate "2005.04.11"]
[SourceVersion "1"]
[SourceVersionDate "2005.04.11"]
[SourceQuality "1"]

1. Nf3 Nf6 2. d4 e6 3. c4 b6 4. a3 Bb7 5. Nc3 d5 6. cxd5 Nxd5 7. Qc2 Be7 8. Bd2 Nd7 9. e4 Nxc3 10. Bxc3 Qc8 11. O-O-O O-O 12. h4 Rd8 13. Bc4 Nf8 14. Ne5 a6 15. Ba2 b5 16. Ba5 Rd6 17. d5 exd5 18. Bxd5 Bxd5 19. exd5 Bf6 20. f4 c5 21. Kb1 Ng6 22. Nc6 Nxf4 23. Qxc5 Qf5+ 24. Ka2 Rxd5 25. Rxd5 Nxd5 26. Rd1 Nc3+ 27. Qxc3 Qe6+ 28. Qb3 Qxc6 29. g3 h6 30. Rd2 Re8 31. Rc2 Qe6 32. Qxe6 Rxe6 33. Bc7 h5 34. Kb3 Re4 35. Rf2 Kf8 36. Bd6+ Ke8 37. Kc2 Kd7 38. Bf4 Ke6 39. Kd3 Rd4+ 40. Ke3 Rd1 41. Rc2 Kf5 42. Ke2 Rb1 0-1